Car Manifacturer to Country One Minute - Statistics

General Stats
  • This quiz has been taken 30 times
  • The average score is 9 of 11
Answer Stats
Hint Answer % Correct
Tesla USA
100%
Opel Germany
96%
Hyundai South Korea
96%
Toyota Japan
92%
Volvo Sweden
92%
Renault France
88%
Lada Soviet Union / Russia
84%
Lancia Italy
72%
Škoda Czechia
64%
Dacia Romania
64%
Geely China
60%
No matching quizzes found
Score Distribution
Percent of People with Each Score
Percentile by Number Answered
Your Score History
You have not taken this quiz